| 000 | 00995nam a2200301 a 4500 | ||
|---|---|---|---|
| 001 | 000110265 | ||
| 003 | CHAP | ||
| 005 | 20220329144125.0 | ||
| 008 | 140807s2013 mx |r| ||||||spa d | ||
| 010 | _a106727 | ||
| 011 | _a107699 | ||
| 020 | _a9789686934311 | ||
| 040 | _cCHAP | ||
| 082 | 0 | 4 |
_a363.73941097223 _bA77 |
| 245 | 0 | 3 |
_aEl arrollo Alamar de Tijuana : _bun río urbano amenazado / _cHugo Riemann ...[et al.]; coordinador Vicente Sánchez Munguía. |
| 260 |
_aPuebla, Méx. : _bPrograma Editorial de la Red de Investigación Urbana, _c2013. |
||
| 300 | _a162 p. | ||
| 590 |
_aE11695DGD _b10 _c20140813 _lUCH01 _h1021 |
||
| 590 |
_aE5765TAJ _b05 _c20140807 _lUCH01 _h1335 |
||
| 650 | 1 | 4 |
_aAgua _xCalidad _zBaja California. _9127725 |
| 650 | 1 | 4 |
_aAgua _xContaminación _zBaja California. _9127724 |
| 650 | 1 | 4 |
_aUrbanismo _zTijuana. _9175589 |
| 700 | 1 |
_aRiemann, Hugo _9127723 |
|
| 700 | 1 |
_aSánchez Munguía, Vicente _ecoord. _9127722 |
|
| 901 | _aBK | ||
| 942 | _cLIBRO | ||
| 942 | _n0 | ||
| 999 |
_c106727 _d106727 |
||